[Event "CAN-ch U20 U1800"]
[Site "Toronto"]
[Date "2018.08.11"]
[Round "6.17"]
[White "Gauthier, David1111"]
[Black "Gao, William"]
[Result "0-1"]
[WhiteElo "1622"]
[BlackElo "1529"]
[PlyCount "77"]
[EventDate "2018.08.08"]
[EventType "swiss"]
[EventRounds "9"]
[EventCountry "CAN"]
[SourceTitle "EXT 2022"]
[Source "ChessBase"]
[SourceDate "2021.10.06"]
[SourceVersion "1"]
[SourceVersionDate "2021.10.06"]
[SourceQuality "1"]

1. d4 Nf6 2. c4 e6 3. Nf3 b6 4. Bf4 Bb7 5. e3 Bb4+ 6. Nc3 0-0 7. Bd3 d6 8. 0-0 Nbd7 9. a3 Bxc3 10. bxc3 Ne4 11. Qc2 f5 12. h4 Ndf6 13. Ng5 Qe8 14. f3 Nxg5 15. Bxg5 Qh5 16. Bxf6 Rxf6 17. Qf2 Rh6 18. g3 g5 19. d5 gxh4 20. gxh4 Kh8 21. Rfd1 Rg8+ 22. Kf1 Qxh4 23. Qxh4 Rxh4 24. dxe6 Rh1+ 25. Kf2 Rh2+ 26. Ke1 Rg1+ 27. Bf1 Bxf3 28. Rd2 Rxf1+ 29. Kxf1 Rxd2 30. Ke1 Re2+ 31. Kf1 Rxe3 32. Kf2 Rxc3 33. e7 Bc6 34. Re1 Be8 35. Rg1 Rxc4 36. Ke3 Re4+ 37. Kf3 Rxe7 38. Kf4 Bg6 39. Kg5 0-1

[Event "CAN-ch U10"]
[Site "Sault Ste Marie"]
[Date "2017.07.10"]
[Round "7"]
[White "Gao, William"]
[Black "Liu, Henry"]
[Result "1/2-1/2"]
[WhiteElo "1313"]
[BlackElo "1547"]
[PlyCount "56"]
[EventDate "2017.07.06"]
[EventType "swiss"]
[EventRounds "7"]
[EventCountry "CAN"]
[SourceTitle "EXT 2022"]
[Source "ChessBase"]
[SourceDate "2021.10.06"]
[SourceVersion "1"]
[SourceVersionDate "2021.10.06"]
[SourceQuality "1"]

1. e4 e6 2. d4 d5 3. Nc3 Nf6 4. e5 Nfd7 5. Be3 a6 6. Nf3 c5 7. Ne2 Nc6 8. c3 Be7 9. h3 b5 10. a3 a5 11. g4 Ba6 12. h4 b4 13. dxc5 Nxc5 14. axb4 axb4 15. cxb4 Nd3+ 16. Kd2 Bxb4+ 17. Nc3 d4 18. Nxd4 Ncxe5 19. Rxa6 Nc4+ 20. Kc2 Rxa6 21. Bxd3 Nxe3+ 22. fxe3 Rd6 23. Bb5+ Kf8 24. Ne4 Qc7+ 25. Kb3 Rd5 26. Kxb4 e5 27. Qb3 Qe7+ 28. Ka4 Qa7+ 1/2-1/2

[Event "CAN-ch U10"]
[Site "Sault Ste Marie"]
[Date "2017.07.06"]
[Round "1"]
[White "Gao, William"]
[Black "Li, Neal Nian"]
[Result "1-0"]
[WhiteElo "1313"]
[BlackElo "565"]
[PlyCount "67"]
[EventDate "2017.07.06"]
[EventType "swiss"]
[EventRounds "7"]
[EventCountry "CAN"]
[SourceTitle "EXT 2022"]
[Source "ChessBase"]
[SourceDate "2021.10.06"]
[SourceVersion "1"]
[SourceVersionDate "2021.10.06"]
[SourceQuality "1"]

1. e4 e5 2. Nf3 Nc6 3. Bb5 d6 4. d4 exd4 5. Nxd4 Bd7 6. Nxc6 bxc6 7. Bc4 Nf6 8. Nc3 Be7 9. 0-0 0-0 10. Re1 Bg4 11. Qd2 Qd7 12. h3 Be6 13. Bb3 d5 14. e5 d4 15. exf6 dxc3 16. Qxd7 Bxd7 17. fxe7 cxb2 18. Bxb2 Rfe8 19. Rad1 Bf5 20. Ba4 h6 21. Bxc6 Bxc2 22. Rd2 Rec8 23. Bxa8 Rxa8 24. e8Q+ Rxe8 25. Rxe8+ Kh7 26. Rxc2 Kg6 27. Rxc7 Kh7 28. Rxf7 Kg6 29. Rxg7+ Kf5 30. Rf7+ Kg5 31. Rg8+ Kh5 32. Rf3 Kh4 33. Kh2 h5 34. g3# 1-0

[Event "CAN-ch U10"]
[Site "Sault Ste Marie"]
[Date "2017.07.06"]
[Round "2"]
[White "Xu, Daniel"]
[Black "Gao, William"]
[Result "1-0"]
[WhiteElo "1941"]
[BlackElo "1313"]
[PlyCount "95"]
[EventDate "2017.07.06"]
[EventType "swiss"]
[EventRounds "7"]
[EventCountry "CAN"]
[SourceTitle "EXT 2022"]
[Source "ChessBase"]
[SourceDate "2021.10.06"]
[SourceVersion "1"]
[SourceVersionDate "2021.10.06"]
[SourceQuality "1"]

1. d4 Nf6 2. c4 e6 3. Nc3 Bb4 4. Qc2 d5 5. e3 c5 6. a3 Bxc3+ 7. bxc3 Nc6 8. Bd3 b6 9. Ne2 0-0 10. 0-0 dxc4 11. Bxc4 Na5 12. Bd3 Bb7 13. Ng3 c4 14. Be2 b5 15. f3 Nb3 16. Rb1 Qa5 17. e4 Qa4 18. Qb2 Nxc1 19. Rfxc1 Bc6 20. e5 Nd7 21. Ne4 Bxe4 22. fxe4 Rab8 23. Rf1 a6 24. Bg4 Qa5 25. Rf3 Qc7 26. Qf2 Nb6 27. Rf1 Qe7 28. Bh3 Nd7 29. Rf4 f6 30. exf6 Rxf6 31. Qh4 Rf7 32. Qxe7 Rxe7 33. e5 Rf8 34. Rxf8+ Nxf8 35. Kf2 Rf7+ 36. Ke2 Rxf1 37. Kxf1 Ng6 38. Bxe6+ Kf8 39. Bc8 a5 40. Ba6 b4 41. axb4 axb4 42. cxb4 c3 43. Ke2 Nf4+ 44. Kd1 Nd5 45. b5 Ne3+ 46. Kc1 Nd5 47. Bb7 Nb4 48. b6 1-0